Harry Potter Goes American Quiz Stats

 Plays Quiz Updated Jun 17, 2017

Support Sporcle.
Go Orange.
Score 0/30 Timer 06:00
0 Plays Today
British English American English % Correct
FootballSoccer
90.3%
CrispsChips
85.9%
PostMail
78.4%
MotorwayHighway
76.2%
MotorbikeMotorcycle
75.8%
Dustbin (2)Trash can
75.6%
RucksackBackpack
74.7%
TrainersSneakers
70.6%
Carpark (2)Parking Lot
69%
BarmanBartender
66.7%
JumperSweater
66.1%
HooverVacuum
65.7%
Shan'tWon't
63.6%
Fortnight (2)Two weeks
63.2%
Queuing up (2)Lining up
62.6%
British English American English % Correct
BogeysBoogers
55.2%
Sello tape (2)Scotch tape
42%
PuddingsDesserts
41.8%
Glove puppet (2)Hand puppet
40.7%
Jacket potato (2)Baked potato
39.9%
Cine camera (2)Video Camera
38.7%
RevisingStudying
33.1%
RelationsRelatives
30.7%
RoundersBaseball
29.2%
Sherbet Lemon (2)Lemon Drop
21.6%
(local) Comprehensive (2)Public school
20.2%
QuitsEven
5.4%
Set books (2)Course books
4.7%
RoundaboutCarousel
3.7%
Bobble hatsBonnets
2.2%

You're not logged in!

Compare scores with friends on all Sporcle quizzes.
OR
Log In
Forgot?

From the Vault

Big 4 Teams (A-Z)

by wiggytitch

Professional sports and the alphabet go together just like two other things you wouldn't normally expect.
Remove Ads.
Support Sporcle.
Get the best of Sporcle when you Go Orange. This ad-free experience offers more features, more stats, and more fun while also helping to support Sporcle. Thank you for becoming a member.

Show Comments

Extras

Top Quizzes Today


Score Distribution

Your Account Isn't Verified!

In order to create a playlist on Sporcle, you need to verify the email address you used during registration. Go to your Sporcle Settings to finish the process.

Report this User

Report this user for behavior that violates our Community Guidelines.

Details: